00474 2200193 4500001002100000005001500021008004100036020002200077035001900099041000700118082001000125090001600135100001600151245002700167260003800194300002200232500001000254650001600264INLIS00000000000101420241224112254241224||||||||| | ||| |||| || |  a978-979-419-365-5 0010-1224001014 aid0 a364.4 a364.1 AJI k0 aAjip Rosidi00aKorupsi dan Kebudayaan aJakartabDunia Pustaka Jayac2006 a197 hlm. : 20 cm. aCet.2 0aIlmu Sosial